=LDR 00000nam 2200000 4500 =001 INLIS000000000036801 =005 20130612142551 =008 ***********************************Ind** =035 ##$$0010-061300000036801 =041 ##$$a Ind =082 ##$$a 738.1 =090 ##$$a 738.1, Gau k =100 ##$$a Gautama, Mia =245 ##$$a Keramik untuk hobi dan karir, yuk berkreasi mengolah tanah liat menjadi aneka keramik, Nia Gautama ; editor Intarina Hardiman =260 ##$$a 2011 $b Jakarta =300 ##$$a 141 hlm, ilus, 21 cm =650 ##$$a Keramik =850 ##$$a NBPNMAT